000 00713nam a2200253Ia 4500
003 OSt
005 20221007073518.0
006 a|||||r|||| 00| 0
007 ta
008 221006b |||||||| |||| 00| 0 eng d
024 _a1,248
037 _cReference Collections
040 _aFLL
_cFLL
_beng
041 _2eng
_aeng
082 _aX:955:Z2qN23, N2
100 _aSrivastava Kirpa Dayal
_9376422
245 0 _aWorkmen's compensation act, 1923
250 _a5th
260 _aLucknow
_bEastern Book Company India
_c1992
300 _a779p
_ccm.
650 _aLabour law
942 _hX:955:Z2qN23, N2
_cREF
_2CC
999 _c1148994
_d1148994